Państwa według ciekawostek - Statystyki

Ogólne statystyki
  • Ten quiz został rozwiązany 383 razy
  • Średni wynik to 5 z 9
Statystyki odpowiedzi
Hint Odpowiedź % Poprawnych
Jedyne państwo w całości położone w alpach Liechtenstein
86%
Najludniejsze państwo afrykańskie Nigeria
81%
Jedyny kraj na świecie w którym językiem urzędowym jest łacina Watykan
78%
W tym kraju jest nawięcej ludzi w więzieniu Stany zjednoczone
72%
W tym kraju niema ani jednej rzeki Arabia Saudyjska
37%
W tym kraju jest najwięcej wykształconych ludzi Kanada
36%
Te państwo oprócz USA nosi oficjalną nazwe Stany Zjednoczone Meksyk
33%
99% powierzchni tego kraju pokrytę jest pustynią Libia
32%
To najmniej pokojowa nacja Somalia
13%
Nie znaleziono quizów pasujących do podanych kryteriów
Rozkład punktacji
Procent ludzi z każdym wynikiem
Percentyl według liczby udzielonych odpowiedzi
Twoja historia wyników
Nie rozwiązałeś tego quizu